Толерантность образования как основа диалога культур; Актуальные проблемы гуманитарных наук

Dades bibliogràfiques
Parent link:Актуальные проблемы гуманитарных наук.— 2005.— С. 223-226
Autor principal: Дементьева С. В. Светлана Валерьевна
Idioma:rus
Publicat: 2005
Matèries:
Format: MixedMaterials Capítol de llibre
KOHA link:https://koha.lib.tpu.ru/cgi-bin/koha/opac-detail.pl?biblionumber=139619

MARC

LEADER 00000naa2a2200000 4500
001 139619
005 20231031141818.0
035 |a (RuTPU)RU\TPU\book\151251 
090 |a 139619 
100 |a 20080609d2005 k y0rusy50 ca 
101 0 |a rus 
102 |a RU 
200 1 |a Толерантность образования как основа диалога культур  |f С. В. Дементьева 
320 |a Библиогр.: 2 назв. 
463 0 |0 (RuTPU)RU\TPU\book\118298  |t Актуальные проблемы гуманитарных наук  |o труды IV международной научно-практической конференции студентов, аспирантов и молодых ученых, 20-21 апреля 2005, Томск  |f Томский политехнический университет  |v С. 223-226  |d 2005  |p 458 с. 
610 1 |a культура 
610 1 |a диалог культур 
610 1 |a толерантность 
610 1 |a образование 
610 1 |a высшее образование 
610 1 |a международное сотрудничество 
610 1 |a труды учёных ТПУ 
700 1 |a Дементьева  |b С. В.  |c специалист в области социальной философии и международного права  |c доцент Томского политехнического университета, кандидат философских наук  |f 1974-  |g Светлана Валерьевна  |2 stltpush  |3 (RuTPU)RU\TPU\pers\24730 
801 1 |a RU  |b 63413507  |c 20080609  |g PSBO 
801 2 |a RU  |b 63413507  |c 20141206  |g RCR 
942 |c BK